000 00589nam a2200229Ia 4500
003 OSt
005 20220916111120.0
006 a|||||r|||| 00| 0
007 ta
008 220915b |||||||| |||| 00| 0 eng d
024 _a253228
037 _cTextbook
040 _beng
_aARTS
_cARTS
041 _aeng
082 _aO111,3M04,1, K8
100 _aHawthorne Nathaniel
245 0 _aScarlet letter
260 _aNew York
_bGrolier USA
650 _aENGLISH LITERATURE
942 _hO111,3M04,1, K8
_cTB
_2CC
999 _c105857
_d105857